logo

Bir Sreshtho Munshi Abdur Rouf Library
Jhenaidah Cadet College

নোবেল পুরস্কার ও আলফ্রেডের সুইডেন / (Record no. 1101)

MARC details
000 -LEADER
fixed length control field 00763nam a2200217 a 4500
001 - CONTROL NUMBER
JCCL Control Number 1101
003 - CONTROL NUMBER IDENTIFIER
JCCL marc code BD-JhCC
005 - DATE AND TIME OF LATEST TRANSACTION
control field 20171126172042.0
008 - FIXED-LENGTH DATA ELEMENTS--GENERAL INFORMATION
fixed length control field 171015s2005 bg a|||| |||| 001 0 ben d
020 ## - INTERNATIONAL STANDARD BOOK NUMBER
International Standard Book Number 9844018455
035 ## - SYSTEM CONTROL NUMBER
system control number (BD-JhCC)1101
040 ## - CATALOGING SOURCE
Original cataloging agency BD-JhCC
Modifying agency BD-JhCC
041 ## - LANGUAGE CODE
Language code of Book ben
082 ## - DEWEY DECIMAL CLASSIFICATION NUMBER
Classification number 910.4
Author mark and Year PIN 2005
100 ## - MAIN ENTRY--PERSONAL NAME
Personal name পিন্টু, শরিফুজ্জামান
245 ## - TITLE STATEMENT
Title নোবেল পুরস্কার ও আলফ্রেডের সুইডেন /
Statement of responsibility, etc শরিফুজ্জামান পিন্টূ
260 ## - PUBLICATION, DISTRIBUTION, ETC. (IMPRINT)
Place of publication, distribution, etc ঢাকা:
Name of publisher, distributor, etc আগামী প্রকাশনী,
Date of publication, distribution, etc ২০০৫.
300 ## - PHYSICAL DESCRIPTION
Pagination ১০৩ প.:
Other physical details ill.;
Dimensions ২১ সেমি.
650 ## - SUBJECT ADDED ENTRY--TOPICAL TERM
Topical term or geographic name as entry element Nobel Prizes
Geographic subdivision Suden
942 ## - ADDED ENTRY ELEMENTS (KOHA)
Source of classification or shelving scheme Dewey Decimal Classification
Koha item type Books
Holdings
Source of classification or shelving scheme Damaged status Not for loan Home library Current library Shelving location Date of accession Source of acquisition Cost, normal purchase price Total Checkouts Full call number Barcode Date last seen Copy number Koha item type Date checked out
Dewey Decimal Classification     JCC Rouf Library JCC Rouf Library General Stacks 10/15/2017 10th Intake 100.00   910.4 PIN 2005 1704 10/15/2017 C-1 Books  
Dewey Decimal Classification     JCC Rouf Library JCC Rouf Library General Stacks 11/26/2017 Foundation of Tenth's Efforts 100.00 1 910.4 PIN 2005 6209 02/24/2025 C-2 Books 02/13/2025

JCC Library | Contacts | JCC Home

Last Update on 23 September 2017
Copyright @ 2017-2020 JCC Rouf Library
Rouf Library, Jhenidah Cadet College (JCC), Bangladesh